000 03363nkm0a2200493 4500
001 RU\NLR\bibl\2087037
005 20250806204035.0
020 _aRU
_9ЛЕНИНГРАД В ВЕЛИКОЙ ОТЕЧЕСТВЕННОЙ ВОЙНЕ : Печать Ленинграда, 1941 - 1945 : каталог изданий, хранящихся в фондах Гос. Публ. б-ки, вып.2. Листовки, плакаты, открытки, альбомы / Гос. публ. б-ка им. М.Е. Салтыкова-Щедрина. - Ленинград, 1972
_b1083
035 _a(NLR Aleph) 010198706
071 5 0 _a2298
_d30 коп.
_925000
090 _a76179
_c76179
100 _a20140109d1942 u y0rusy50 ca
101 0 _arus
102 _aRU
116 _adiyc||||||zz ae
135 _acrcn 024apaba
200 1 _aСлава боевым подругам
_bИзоматериал
_eпочтовая карточка
_fГ. Зайцев
_gред.: П.Е. Корнилов
210 _aЛенинград
_cИскусство
_d1942
_gТип. им. Ив. Федорова
215 _a1 л.
_cцв. автотип.
_d14,9х10,4
300 _aЦенз. разрешение: М9457
300 _aИзд. номер: 2298
321 1 _aСражающийся Ленинград. Почтовая открытка = Postcard. Leningrad in strugle : энциклопедический каталог / А.Д. Гдалин, М.Р. Иванова ; [Союз проф. литераторов России и др.]. - Санкт-Петербург : Инфо-Да, 2007.
_c230
325 1 _aЭлектронная копия доступна в Электронной библиотеке РНБ
327 0 _aСоветская сандружинница на фоне красных знамен, наступающей пехоты и танков
540 1 _aСоветская сандружинница на фоне красных знамен, наступающей пехоты и танков
606 1 _aБлокада Ленинграда
_z1941 - 1944
_xИзображение на почтовых открытках маркированных художественных
_z1941 - 1945
_2nlr_sh2
_3RU\NLR\auth\6601539002
686 _aЩ153(2Р=Рус)7-489
686 _aЩ153(2Р=Рус)7-3
700 1 _aЗайцев
_bГ.
_cхудожник
_4040
702 1 _aКорнилов
_bП. Е.
_cискусствовед
_f1896-1981
_gПетр Евгеньевич
_3RU\NLR\auth\770127609
_4340
801 0 _aRU
_bNLR
_c19720101
_gPSBO
801 1 _aRU
_bNLR
_c20140109
_gRCR
852 _aNLR
_bЛ3-310о
_j12/1
856 0 _uhttp://vivaldi.nlr.ru/lo000070363/view
856 1 _uhttp://vivaldi.nlr.ru/lo000070363/cover
856 2 _uhttp://vivaldi.nlr.ru/lo000070363/text
901 _eИзографические материалы
942 _cVISUAL
945 _aРоссийская национальная библиотека
980 _aBV
981 3 7 _a(37) Ленинград в Великой Отечественной войне
_b(37) Открытки блокадного Ленинграда
981 1 7 _a(17) Изографические материалы
_b(17) Открытки